Estadísticas para Equipos Españoles con más Temporadas en Segunda División

Haz click aquí para intentar la prueba.

Estadísticas generales

  • Esta prueba ha sido intentada 46 veces
  • La puntuación promedio es 13 de 20

Estadísticas de respuestas

Número de TemporadasEquipo% Correcto
37Real Valladolid CF
84%
51Real Sporting de Gijón
81%
47CD Tenerife
79%
41Real Oviedo
79%
41Cádiz CF
77%
35Racing Club de Ferrol
77%
37Real Racing Club de Santander
77%
40Elche CF
74%
37RCD Mallorca
74%
41RC Deportivo de la Coruña
70%
38Deportivo Alavés
67%
40
Levante UD
67%
38Rayo Vallecano
67%
53Real Murcia CF
67%
38RC Recreativo de Huelva
60%
37CA Osasuna
58%
43Hércules de Alicante CF
58%
41CD Castellón
44%
44CE Sabadell
35%
34UD Salamanca
33%

Distribución de puntuación

Porcentaje por número respondido

Porcentaje de gente con cada puntuación

Historial de tus puntuaciones

No has intentado esta prueba.